Lorenzo Arrazola o el estado liberalcatólico / (Record no. 176513)
[ view plain ]
| 000 -LEADER | |
|---|---|
| campo de control de longitud fija | 01182nam a2200289 i 4500 |
| 001 - NÚMERO DE CONTROL | |
| campo de control | 176513 |
| 003 - IDENTIFICADOR DE NÚMERO DE CONTROL | |
| campo de control | ES-MaACL |
| 005 - FECHA Y HORA DE LA ÚLTIMA TRANSACCIÓN | |
| campo de control | 20250825062725.0 |
| 008 - DATOS DE LONGITUD FIJA--INFORMACIÓN GENERAL | |
| campo de control de longitud fija | 110120s2007 sp |||| |bspa d |
| 020 ## - NÚMERO INTERNACIONAL ESTÁNDAR DEL LIBRO | |
| Número Internacional Estándar del Libro | 9788493136130 |
| 080 ## - NÚMERO DE LA CLASIFICACIÓN DECIMAL UNIVERSAL | |
| Número de la Clasificación Decimal Universal | 929:32 Arrazola García, Lorenzo |
| 080 ## - NÚMERO DE LA CLASIFICACIÓN DECIMAL UNIVERSAL | |
| Número de la Clasificación Decimal Universal | 32(460)"18" |
| 100 1# - ENTRADA PRINCIPAL--NOMBRE DE PERSONA | |
| Nombre de persona | Martínez Mansilla, Antonio, |
| Fechas asociadas al nombre | 1954- |
| 9 (RLIN) | 144808 |
| 245 10 - MENCIÓN DEL TÍTULO | |
| Título | Lorenzo Arrazola o el estado liberalcatólico / |
| Mención de responsabilidad, etc. | Antonio Martínez Mansilla. |
| 260 ## - PUBLICACIÓN, DISTRIBUCIÓN, ETC. | |
| Lugar de publicación, distribución, etc. | Gijón : |
| Nombre del editor, distribuidor, etc. | Ateneo Jovellanos, |
| Fecha de publicación, distribución, etc. | [2007] |
| 300 ## - DESCRIPCIÓN FÍSICA | |
| Extensión | 507 p. : |
| Otras características físicas | 1 retr. ; |
| Dimensiones | 24 cm. |
| 504 ## - NOTA DE BIBLIOGRAFÍA, ETC. | |
| Nota de bibliografía, etc. | Bibliografía: p. [497]-507. |
| 586 8# - NOTA DE PREMIOS | |
| Nota de premios | Premio Ateneo Jovellanos de Investigación Histórica Española-Hispanoamericana, 2006 |
| 600 14 - PUNTO DE ACCESO ADICIONAL DE MATERIA--NOMBRE DE PERSONA | |
| Nombre de persona | Arrazola, Lorenzo, |
| Fechas asociadas al nombre | 1795-1873 |
| 9 (RLIN) | 23230 |
| 651 #7 - PUNTO DE ACCESO ADICIONAL DE MATERIA--NOMBRE GEOGRÁFICO | |
| Nombre geográfico | España- |
| Subdivisión general | Política y gobierno- |
| Subdivisión cronológica | S.XIX |
| Fuente del encabezamiento o término | |
| 9 (RLIN) | 161744 |
| 655 #0 - TERMINO DE INDIZACIÓN--GENERO/FORMA | |
| Datos o término principal de género/forma | Biografías |
| 9 (RLIN) | 176647 |
| 710 2# - ENTRADA AGREGADA--NOMBRE DE ENTIDAD CORPORATIVA | |
| Nombre de entidad corporativa o nombre de jurisdicción como elemento de entrada | Ateneo Jovellanos (Gijón) |
| 9 (RLIN) | 2045 |
| 852 ## - LOCALIZACIÓN | |
| Ubicación | ES-MaACL |
| itemnumber | 183280 |
| Sublocalización o colección | R.145415 |
| Número de control de estantería | A-11037 |
| Signatura antigua | Olim: N-4042 |
| Ubicación en estantería | Depósito 1 |
| Encuadernación | Donación: Antonio Martínez Mansilla |
| Nota libre | Dedicatoria autógrafa del autor |
| 903 ## - NOMBRE PERSONAL DE DONANTE | |
| a | Martínez Mansilla, Antonio, |
| d | 1954- |
| e | Donante |
| 9 | 144808 |
| 942 ## - ELEMENTOS DE ENTRADA SECUNDARIOS (KOHA) | |
| Fuente del sistema de clasificación o colocación | Clasificación decimal universal |
| Tipo de ítem Koha | Libro impreso |
| Estatus retirado | Estado de pérdida | Fuente del sistema de clasificación o colocación | Estado de daño | No para préstamo | Colección | Biblioteca de origen | Biblioteca actual | Ubicación en estantería | Fecha de adquisición | Fuente de adquisición | Número de control de estantería | Total de préstamos | Signatura topográfica completa | Código de barras | Visto por última vez | Precio de reemplazo | Tipo de ítem Koha | Nota pública |
|---|---|---|---|---|---|---|---|---|---|---|---|---|---|---|---|---|---|---|
| Clasificación decimal universal | Libros con dedicatorias | Biblioteca del Ateneo de Madrid | Biblioteca del Ateneo de Madrid | Depósito 1 | 20/01/2011 | Donación | 1 | A-11037 | 1185377 | 23/02/2023 | 23/02/2023 | Libro impreso | Dedicatoria autógrafa del autor |
